| 000 | 00805nam a22002657a 4500 | ||
|---|---|---|---|
| 003 | OSt | ||
| 005 | 20220107122848.0 | ||
| 008 | 190328b xxu||||| |||| 00| 0 eng d | ||
| 020 | _a9789811084751 | ||
| 040 | _cIIITMK | ||
| 082 | _a006.312 SEK/B | ||
| 100 |
_aSekhar Roy, Sanjiban (Ed.) _915337 |
||
| 245 |
_aBig data in engineering applications _cSanjiban Sekhar Roy |
||
| 260 |
_aSingapore, _bSpringer, _c2018. |
||
| 300 | _avi, 384p. | ||
| 440 |
_aSpringer Series in Studies in Big Data, _915489 _vVol. 44 |
||
| 650 |
_aCOMPUTER SCIENCE _915490 |
||
| 650 |
_aBIG DATA ANALYTICS _915491 |
||
| 650 |
_aBIG DATA _915492 |
||
| 650 |
_aENGINEERING APPLICATIONS _915493 |
||
| 700 |
_aSamui, Pijush _915338 |
||
| 700 |
_aDeo, Ravinesh _915339 |
||
| 700 |
_aNtalampiras, Stavros _915340 |
||
| 942 |
_2ddc _cBK |
||
| 999 |
_c6392 _d6392 |
||